| 000 | 01007cam a22002531i 4500 | ||
|---|---|---|---|
| 003 | SA-RiAUC | ||
| 005 | 20250930123235.0 | ||
| 008 | 250922s1998____ua g 00000 ara c | ||
| 020 | _z977568210 | ||
| 040 |
_aSA-MaHRM _bara _cSA-RiAUC _erda |
||
| 082 | 0 | 4 |
_a252.59 _qSA-RiAUC |
| 090 |
_a252.59 _bش ا ذ |
||
| 100 | 1 |
_aالشاذلي، محمد يوسف علي _eمؤلف. |
|
| 245 | 1 | 0 |
_aرحمة الله بالأمة في اختلاف الأئمة في تحديد وقت رمي الجمار / _cمحمد يوسف علي الشاذلي. |
| 264 | 1 |
_bالإسكندرية، مصر : _bمحمد يوسف علي الشاذلي، _c1998 |
|
| 300 |
_a60 صفحة ؛ _c24 سم |
||
| 336 |
_aنص _btxt _2rdacontent _3كتاب |
||
| 337 |
_aبدون وسيط _bn _2rdamedia |
||
| 338 |
_aمجلد _bnc _2rdacarrier |
||
| 650 | 7 |
_aالحج (فقه إسلامي) _2aucsh |
|
| 650 | 7 |
_aرمي الجمار (فقه إسلامي) _2aucsh |
|
| 942 |
_2ddc _cBOOK _n0 |
||
| 949 |
_aSA-JeALM _d250922 _umohamedma123 _n1 |
||
| 999 |
_c12243 _d12243 |
||